000 00247 a2200097 4500
001 24448
100 _aJenkins, W M
245 _aMatrix and Digital Computer Methods in Structural Analysis
260 _a
_bMcGraw-Hill
_c1969
090 _c16504
_d16504
942 _aNUST-CAE
_cM
_c7230
999 _c259521
_d259521